000 00577nam a22001817a 4500
005 20231116064609.0
008 231116b |||||||| |||| 00| 0 eng d
020 _a0702123102
041 _aAfrikaans / English
082 _a344.1 LAB
100 _lAfrikaans / English
245 _aArbeidsreg: Die Vernaamste Wette en Regulasies /
_cgeredigeer deur CR Thompson
250 _aEerste Uitgawe
260 _aKaapstad :
_bJuta en Kie. Bpk,
_c1991
300 _bv, 315 pages ;
_c25,5 cm.
650 _aLegal practice
_bLaw
942 _cBK
_6ALISON_BN_VRIES
999 _c702
_d702